000
00221nam a22000857a 4500
008
160916b xxu||||| |||| 00| 0 eng d
100
_9
596
_a
Robinson W.T
245
_a
The Time Machine
260
_a
USA
_b
Franklin publication
_c
2011
999
_c
3252
_d
3252